Atlas of the body and mind
| Other Authors: | , |
|---|---|
| Format: | Book |
| Published: |
New York :
Crescent Books ,
1990
|
| Subjects: |
MARC
| LEADER | 00000cam a2200000 7i4500 | ||
|---|---|---|---|
| 001 | 0000002055 | ||
| 002 | 000002244 | ||
| 005 | .0 | ||
| 020 | |a 0517051451 | ||
| 090 | 0 | 0 | |a 611 |b ATL |
| 245 | 0 | 0 | |a Atlas of the body and mind |
| 260 | |a New York : |b Crescent Books , |c 1990 | ||
| 300 | |a 208p. : |b ill. ; |c 38cm. | ||
| 650 | 0 | 0 | |a Mind and body |x Atlases |
| 700 | 1 | |a Binney, Ruth , |e editor | |
| 700 | 1 | |a Janson, Michael , |e editor | |
| 999 | |a 028069 |b BUKU |c RUJUKAN |e PERPUSTAKAAN KOMUNITI PETALING JAYA | ||